01272nam a2200241Ia 4500001001100000003001000011008004100021040002500062041001200087100002100099245006000120250001100180260006500191300001300256500020300269501011400472520020300586650002300789942000700812957000600819999004300825952016200868A870-35429IT-CnALBA170116s9999||||xx |||||||||||||| ||und|| aIT-CnALBAcIT-CnALBA aLATINO  aOVIDIO P. NASONE 0aPUBLII OVIDII NASONIS OPERUM TOMUS PRIMUS ET SECUNDUS.  a2a ed. a VENETIISbCOSTANTINI JO. BAPT. TYPIS c1779 [1° Ed.: n.d.] a1172 p.  aLETTERE. TRE LIBRI SUGLI AMORI. ARTE ORATORIA. RIMEDIO DELL'AMORE. MEDICAMENTI DEL VOLTO. HALOUTICON, FRAMMENTO. LA NOCE, ELEGIA. ELEGIE OSCENE. LE METAMORFOSI. CURATORE DANIELE CRISPINO, XV LIBRI.  aSocietà San Paolo EM - Piazza San Paolo, 14 - 12051 ALBA (CN) (non commercial uses only) ® Copyright 2017 aLETTERE. TRE LIBRI SUGLI AMORI. ARTE ORATORIA. RIMEDIO DELL'AMORE. MEDICAMENTI DEL VOLTO. HALOUTICON, FRAMMENTO. LA NOCE, ELEGIA. ELEGIE OSCENE. LE METAMORFOSI. CURATORE DANIELE CRISPINO, XV LIBRI.  aLETTERATURA LATINA cBK 71 a40194bSI g Copie: 1 c294257d294257 0010406A_8703542971aALBAbALBAd2017-01-16l0oA870-35429r2017-01-16 00:00:00w2017-01-16yBKz(data import: 16 gennaio 2017) - By Epidotti, Vaglietti.